Catalog

Record Details

Catalog Search



Hoře a milost : ke kořenům teologie církve radikálního modernismu Cover Image Book Book

Hoře a milost : ke kořenům teologie církve radikálního modernismu Zdeněk Kučera

Kučera, Zdeněk (Author).

Record details

  • ISBN: 80-86263-19-3
  • Physical Description: 127 s.
  • Publisher: Brno Luboš Marek 2001

Available copies

  • 1 of 1 copy available at Common Catalog SPOK.

Holds

  • 0 current holds with 1 total copy.
Show Only Available Copies
Location Call Number / Copy Notes Barcode Shelving Location Status Due Date
ETS Library 230.044 424470004236 Volný výběr Available -

LDR 00753nam a2 00253
00141330
003CZ-PrJAB
00520031218000000.0
008030715s2001 xr e |||| |cze
009cz
020 . ‡a80-86263-19-3
035 . ‡a(CONS)3772
035 . ‡aKPS11699
040 . ‡aABG450
041 . ‡acze
08214. ‡a230.044
100 . ‡71449 ‡aKučera, Zdeněk
245 . ‡aHoře a milost : ‡bke kořenům teologie církve radikálního modernismu ‡cZdeněk Kučera
260 . ‡aBrno ‡bLuboš Marek ‡c2001
300 . ‡a127 s.
490 . ‡aPontes Pragenses ‡vsvazek 17
653 . ‡aHoře a milost ‡ake kořenům teologie církve radikálního modernismu
8524 . ‡bETS ‡bETS ‡cVolný výběr ‡j230.044 ‡gA ‡p424470004236
910 . ‡aABG450
999 . ‡a3772 ‡bAUTOGEN ‡c3772 ‡tbiblio
905 . ‡uadmin
901 . ‡a41330 ‡b ‡c41330 ‡tbiblio ‡sets

Additional Resources